山形県の市町村(1960年) - Statistics

General Stats
  • This quiz has been taken 46 times
  • The average score is 39 of 48
Answer Stats
No. 市町村 備考 % Correct
1 山形市
100%
2 米沢市
100%
5 新庄市
100%
3 鶴岡市
97%
4 酒田市
97%
6 寒河江市
97%
7 上山市
97%
8 村山市
97%
10 天童市
97%
9 長井市
94%
11 東根市
94%
12 尾花沢市
94%
29 最上郡 戸沢村
90%
30 最上郡 鮭川村
90%
31 最上郡 真室川町
90%
33 最上郡 最上町
90%
46 西置賜郡 白鷹町
90%
25 飽海郡 遊佐町
87%
28 最上郡 大蔵村
87%
39 西村山郡 西川町
87%
41 東置賜郡 高畠町
87%
47 西置賜郡 飯豊町
87%
48 西置賜郡 小国町
87%
20 西田川郡 温海町 2005年消滅
84%
26 北村山郡 大石田町
84%
27 最上郡 舟形町
84%
35 東村山郡 中山町
84%
42 東置賜郡 赤湯町 1967年消滅
84%
16 東田川郡 三川村 1968年昇格
81%
37 西村山郡 大江町
81%
40 西村山郡 河北町
81%
32 最上郡 金山町
77%
36 東村山郡 山辺町
77%
38 西村山郡 朝日町
77%
45 東置賜郡 川西町
74%
19 東田川郡 余目町 2005年消滅
71%
13 東田川郡 朝日村 2005年消滅
68%
15 東田川郡 羽黒町 2005年消滅
68%
22 飽海郡 松山町 2005年消滅
68%
43 東置賜郡 宮内町 1967年消滅
68%
14 東田川郡 櫛引村 1966年昇格
65%
18 東田川郡 立川町 2005年消滅
65%
24 飽海郡 八幡町 2005年消滅
65%
17 東田川郡 藤島町 2005年消滅
61%
23 飽海郡 平田村 1964年昇格
61%
44 東置賜郡 和郷村 1967年消滅
61%
21 西田川郡 大山町 1963年消滅
52%
34 東村山郡 豊栄村 1962年消滅
48%
No matching quizzes found
Score Distribution
Percent of People with Each Score
Percentile by Number Answered
Your Score History
You have not taken this quiz